Self-similar groups
Αποθηκεύτηκε σε:
| Κύριος συγγραφέας: | |
|---|---|
| Μορφή: | Βιβλίο |
| Γλώσσα: | English |
| Δημοσίευση: |
Providence, RI :
American Mathematical Society,
c2005
|
| Σειρά: | Mathematical surveys and monographs ;
; 117 |
| Θέματα: | |
| Ετικέτες: |
Προσθήκη ετικέτας
Δεν υπάρχουν, Καταχωρήστε ετικέτα πρώτοι!
|
MARC
| LEADER | 00000nam a2200000 i 4500 | ||
|---|---|---|---|
| 001 | 1/68836 | ||
| 008 | 071219s2005 eng d | ||
| 020 | |a 0-8218-3831-8 | ||
| 035 | |l 10093296 | ||
| 040 | |a GR-MY-UA |b gre |e aacr | ||
| 041 | 0 | |a eng | |
| 082 | 0 | |a 512.2 |2 (22) | |
| 100 | 1 | |a Nekrashevych, Volodymyr |d 1975- | |
| 245 | 1 | 0 | |a Self-similar groups / |c Volodymyr Nekrashevych |
| 260 | |a Providence, RI : |b American Mathematical Society, |c c2005 | ||
| 300 | |a xi, 231 σ.; |b εικ.; |c 26 εκ. | ||
| 490 | 1 | |a Mathematical surveys and monographs |v ; 117 | |
| 504 | |a Περιέχει βιβλιογραφικές αναφορές (σ. 223-228)και ευρετήριο. | ||
| 650 | 0 | 0 | |a Geometric group theory. |
| 650 | 0 | 0 | |a Symbolic dynamics. |
| 650 | 0 | 0 | |a Self-similar processes. |
| 830 | 0 | |a Mathematical surveys and monographs ; |v ; 117 | |
| 852 | |a INST |b SAMOS |e 20071219 |h 512.2 NEK |p 005300027449 |q 005300027449 |t BK |y 0 | ||
| 901 | |a BIBL3-2007-3 | ||
| 909 | |a Σ |b 140374 | ||
| 922 | |a 3ΕΛΗ |b 200711 |c ΕΠΕΑΕΚ2/ΜΑΘ |d ΕΛΕΥΘΕΡΟΥΔΑΚΗΣ | ||
| 970 | |a ΓΟΥΒΑΛΑ |b ΒΑΣΩ |z 2007/12/19 | ||